| 000 | 00328 a2200121 4500 | ||
|---|---|---|---|
| 082 | _a297.4092 | ||
| 090 |
_c3138 _d3138 |
||
| 100 | _aFarid-ud-Din Attar. | ||
| 245 |
_aTazkara-ul-Oulia _cFarid-ud-Din Attar. _h[Urdu] |
||
| 260 |
_aLahore : _bZia-ul-Quran Publicatins, _c2005. |
||
| 300 |
_a400 p. ; _c24 cm. |
||
| 942 |
_cBK _k297.4092 FAR |
||
| 999 |
_c7053 _d7053 |
||